00917cam a2200253 4500001001300000003000400013005001700017008004100034010002200075025002100097041001100118043001200129050002300141082001600164110006300180245012300243260009700366300002400463490001600487650003200503740003400535830007700569999001700646sa 68020610 DLC20260227112726.0740812s1967 io f00000 eng  asa 68020610 //r85 aPL480:Indo-S-7470 aengind aa-io---0 aHC450.I5bI55 1967 a339.2/0959810aIndonesia.bPusat Penelitian dan Perkembangan.bStatistik.10aPendapatan nasional Indonesia, 1960-1964, menurut lapangan usaha.cNational income of Indonesia, by industrial origin.0 aDjakarta,bStatistical Research and Development Centre, Central Bureau of Statistics,c1967. avii, 100 p.c31 cm.1 aPublikasi 2 0aNational incomezIndonesia. 1aNational income of Indonesia. 0aPublikasi (Indonesia. Pusat Penelitian dan Perkembangan Statistik) ;v2. c89523d89523